| 000 | 00996cam a22002414a 4500 | ||
|---|---|---|---|
| 005 | 20250605164206.0 | ||
| 008 | 250528s ||||||||||||||||||||||||d | ||
| 035 | _a19930 | ||
| 020 | _a9608271045 | ||
| 040 |
_aGR-AtMCL _bgre _dGR-AtMCL _eAACR2 |
||
| 245 | 1 | _aΆλγεβρα / Γραμμική Άλγεβρα - Στοιχεία Αναλυτική Γεωμετρίας: Μαθηματικά Ι - Τόμος Α | |
| 260 |
_bΔηρός, _c2001 |
||
| 300 | _a368 | ||
| 520 | _aΓραμμική Άλγεβρα, Διανυσματικός Λογισμός, Αναλυτική Γεωμετρία, Γραμμική Άλγεβρα, Μιγαδικός Λογισμός, Συνδυαστική Ανάλυση. | ||
| 700 | 1 |
_aΑναστασίου Κ _96085 |
|
| 700 | 1 |
_aΔημητρακούλης Δ _92781 |
|
| 700 | 1 |
_aΚικίλιας Π _96083 |
|
| 700 | 1 |
_aΝτριγκόγιας Ι _92784 |
|
| 700 | 1 |
_aΤσουκαλάς Δ _96086 |
|
| 942 | _cBK | ||
| 999 |
_c5170 _d5170 |
||